书目信息 |
| 题名: |
转型期中国居民收入差距问题研究
|
|
| 作者: | 黄祖辉 著 | |
| 分册: | ||
| 出版信息: | 杭州 浙江大学出版社 2007.03 |
|
| 页数: | 174页 | |
| 开本: | 24cm | |
| 丛书名: | 中国“三农”问题研究文丛 | |
| 单 册: | ||
| 中图分类: | F126.2 | |
| 科图分类: | ||
| 主题词: | 经济收入--jing ji shou ru--收入差距--研究--中国 | |
| 电子资源: | ||
| ISBN: | 978-7-308-05182-8 | |
| 000 | 01304nam 2200289 450 | |
| 001 | 012008143486 | |
| 005 | 20080626151143.90 | |
| 010 | @a978-7-308-05182-8@dCNY23.00 | |
| 100 | @a20080626d2007 em y0chi0120 ea | |
| 101 | 0 | @achi |
| 102 | @aCN@b330000 | |
| 105 | @aa a 000yy | |
| 106 | @ar | |
| 200 | 1 | @a转型期中国居民收入差距问题研究@Azhuan xing qi zhong guo ju min shou ru cha ju wen ti yan jiu@d= Research on Chinese income disparity in economic transferring process@f黄祖辉著@Fhuang zu hui zhu |
| 210 | @a杭州@c浙江大学出版社@d2007.03 | |
| 215 | @a174页@c图@d24cm | |
| 225 | 0 | @a中国“三农”问题研究文丛@Azhong guo“san nong”wen ti yan jiu wen cong@h第一辑 |
| 300 | @a国家自然科学基金“全球化背景下中国粮食供求区域均衡机理与政策研究”,浙江大学中国农村发展研究院国家“985”二期工程中国农村发展研究项目 | |
| 320 | @a有书目 (第168-172页) | |
| 330 | @a本书主要概述了研究方法和数据、工农收入差距分析、城市、地区收入差距分析、农村居民收入差距分析等内容。 | |
| 410 | 0 | @12001 @a中国三农问题研究文丛 |
| 510 | 1 | @aResearch on Chinese income disparity in economic transferring process@zeng |
| 606 | 0 | @a经济收入@Ajing ji shou ru@x收入差距@x研究@y中国 |
| 690 | @aF126.2@v4 | |
| 701 | 0 | @a黄祖辉@Ahuang zu hui@4著 |
| 801 | 0 | @aCN@bQSSK@c20080626 |
| 905 | @b729897-99@dF126.2@eH922@f3 | |
| 转型期中国居民收入差距问题研究= Research on Chinese income disparity in economic transferring process/黄祖辉著.-杭州:浙江大学出版社,2007.03 |
| 174页:图;24cm.-(中国“三农”问题研究文丛.第一辑) |
| 国家自然科学基金“全球化背景下中国粮食供求区域均衡机理与政策研究”,浙江大学中国农村发展研究院国家“985”二期工程中国农村发展研究项目 |
| ISBN 978-7-308-05182-8:CNY23.00 |
| 本书主要概述了研究方法和数据、工农收入差距分析、城市、地区收入差距分析、农村居民收入差距分析等内容。 |
| ● |
| 相关链接 |
|
|
|
正题名:转型期中国居民收入差距问题研究
索取号:F126.2/H922
 
预约/预借
| 序号 | 登录号 | 条形码 | 馆藏地/架位号 | 状态 | 备注 |
| 1 | 729897 | 207298976 | 社科库409/409社科库 70排1列4层/ [索取号:F126.2/H922] | 在馆 | |
| 2 | 729898 | 207298985 | 社科库409/409社科库 70排1列4层/ [索取号:F126.2/H922] | 在馆 | |
| 3 | 729899 | 207298994 | 社科库409/409社科库 70排1列4层/ [索取号:F126.2/H922] | 在馆 |